| 000 | 01156cam a2200133 4500500 | ||
|---|---|---|---|
| 005 | 20260405041737.0 | ||
| 041 | _afre | ||
| 042 | _adc | ||
| 100 | 1 | 0 |
_aFilloux, Jean-Claude _eauthor |
| 245 | 0 | 0 | _aAnalyse d'un récit de vie : L'histoire d'Annabelle |
| 260 |
_bPresses Universitaires de France,
_c2005. |
||
| 520 | _aL’objectif de cet ouvrage n’est pas de traiter des «histoires de vie» pour théoriser leur pratique mais de «situer» concrètementles «conditions de recueil» de ces témoignages puis la «lecture» qui en est faite ultérieurement. Ces entretiens peuvent revêtir des formes différentes selonles dispositifs et modes d’entretien d’où le nécessaire«cadrage» dece travail en sciences humaines. Une relation «en miroir» est censée s’installer entre les partenaires de la construction d’un tel récit puisque l’interviewer qui «mène» l’entretien peut apparaître comme un «voleur de récit» avec construction de fantasmes au sens freudien au moins d’un «acte poétique» commun. | ||
| 856 | 4 | 1 | _uhttps://shs.cairn.info/analyse-d-un-recit-de-vie--9782130553588?lang=fr&redirect-ssocas=7080 |
| 999 |
_c2171924 _d2171924 |
||